00382nam a2200169Ia 4500003000400000005001700004008004100021020001900062040000700081041000800088082001300096100001200109245002900121260003900150300000900189650001400198OSt20250909135819.0250729s2005 xx 000 0 und d a978-8176488303 cAL aeng a375 RAOP aRao V K aPrinceples of curriculum aNew DelhibAshish Publishingc2005 a357p aEducation